Normal view MARC view
  • Willoughby J. Lodge

Entry Corporate Name

Number of records used in: 1

001 - CONTROL NUMBER

  • control field: 5428

003 - CONTROL NUMBER IDENTIFIER

  • control field: SIRSI

005 - DATE AND TIME OF LATEST TRANSACTION

  • control field: 20190806150243.0

008 - FIXED-LENGTH DATA ELEMENTS

  • fixed length control field: 071030n| acannaabn |n ana d

040 ## - CATALOGING SOURCE

  • Original cataloging agency: OSt
  • Transcribing agency: OSt

110 2# - HEADING--CORPORATE NAME

  • Corporate name or jurisdiction name as entry element: Willoughby J. Lodge

670 ## - SOURCE DATA FOUND

  • Source citation: [Reports and valuations on the Hardwick Estate, Barnes], 1903 and 1908